Countries by biggest stadiums - Statistics

General Stats
  • This quiz has been taken 38 times
  • The average score is 21 of 30
Answer Stats
Stadium Country Capacity % Correct
Michigan Stadium United States 107.601
100%
Melbourne Cricket Ground Australia 100.024
97%
Narendra Modi Stadium India 132.000
92%
Wembley Stadium United Kingdom 90.000
89%
Stade de France France 81.338
86%
Athens Olympic Stadium Greece 72.080
86%
Japan National Stadium Japan 80.016
86%
Estadio Azteca Mexico 87.523
86%
Camp Nou Spain 99.354
86%
Seoul Olympic Stadium South Korea 68.900
84%
Baku Olympic Stadium Azerbaijan 68.700
78%
Guangdong Olympic Stadium China 80.012
78%
Jakarta International Stadium Indonesia 82.000
78%
Maracanã Brazil 73.139
76%
Luzhniki Stadium Russia 78.011
76%
San Siro Italy 80.018
73%
Atatürk Olympic Stadium Türkiye 77.563
73%
Olimpiyskiy National Sports Complex Ukraine 70.050
73%
Estadio Monumental Argentina 84.567
68%
Croke Park Ireland 82.300
68%
Rungrado 1st of MayStadium North Korea 114.000
62%
Signal Iduna Park Germany 81.365
59%
Lusail Stadium Qatar 92.349
57%
Bukit Jalil National Stadium Malaysia 87.500
46%
Estadio Monumental Peru 80.093
46%
Misr Stadium Egypt 93.940
38%
Azadi Stadium Iran 78.116
38%
Stade des Martrys Democratic Republicof the Congo 80.000
35%
Moi International Sports Centre Kenya 80.000
27%
FNB Stadium South Africa 94.736
27%
No matching quizzes found
Score Distribution
Percent of People with Each Score
Percentile by Number Answered
Your Score History
You have not taken this quiz